On This Day: July 17th II Quiz Stats

 Plays Quiz Updated Jul 17, 2018

Score 0/7 Timer 03:00
0 Plays Today
Question Answer Wrong Answers
The Northrop B-2 Spirit aircraft, also known as the ‘______ Bomber’, makes its first public flight.
1989
Stealth
94.3%
Sly
1.4%
Sneaky
1.2%
Secret
1.9%
This man wins the 134th British Open, becoming only the second golfer, after Jack Nicklaus, to win each golf major more than once.
2005
Tiger Woods
89%
Phil Mickelson
7.7%
Rickie Fowler
0.7%
Jordan Spieth
1.2%
Tsar Peter III of Russia is murdered, which eventually leads to his wife, ______, taking power.
1762
Catherine II
84.5%
Mary I
1.5%
Anastasia II
12.5%
Elizabeth
1.4%
This iconic Canadian actor, known recently for portraying President Snow in ‘The Hunger Games’ film series, is born.
1935
Donald Sutherland
81.9%
Kirk Douglas
3.5%
Christopher Plummer
11%
Leslie Nielsen
2.9%
President Suharto annexes East Timor, and it becomes the 27th province of this country.
1976
Indonesia
66.6%
Malaysia
11.5%
Papua New Guinea
8.9%
Philippines
12.2%
The RMS ______, the ship that rescued the 705 survivors from the RMS Titanic, is sunk off Ireland by a German U-boat.
1918
Carpathia
60.1%
Queen Mary
8.1%
Britannic
15.8%
Mauretania
15.8%
The Summer Olympics in ______ begin, only to be overshadowed by the 25 African nations boycotting the games because of New Zealand’s prior participation in South African sporting events.
1976
Montreal
56.9%
London
9.7%
Paris
9.2%
Los Angeles
23.2%

You're not logged in!

Compare scores with friends on all Sporcle quizzes.
OR
Log In

Sporcle TV

Today on Sporcle TV


Watch our educational content, quiz creation guides, and fun videos on Sporcle TV.

Show Comments

Extras

Top Quizzes Today


Score Distribution

Your Account Isn't Verified!

In order to create a playlist on Sporcle, you need to verify the email address you used during registration. Go to your Sporcle Settings to finish the process.

Report this User

Report this user for behavior that violates our Community Guidelines.

Details: